000 00615nam a22001937a 4500
999 _c171894
_d171894
005 20200123103834.0
010 _aA-854087
020 _c75.00
_a-
035 _aA-854087
037 _bBPPD/Pub.
_a-
082 _a840
100 _aپطر س بخا ر ی
245 _aا فسا نے،ڈ ر ا مے،نا و لٹ
_cپطر س بخا ر ی
246 _bAfsane, Drame,Novelt (Urdu)
_aby Patras Bukhari
260 _aPakistan
_bMaktaba Urdu Adab
_c- ء
270 _aBazar Sathan Androon,Lohari Gate ,
_bLahore
_e-
_k-
_l-
300 _a188 ص
_c22 Cm(Hb)
942 _2ddc
_cUR
_h840
_mپ ط ر